00575nam a2200169 a 450000100100000000500170001000800410002702000150006804000250008310000240010824500350013226000370016730000210020450000570022595201060028299900170038800004020020201002033958.0130815s1983 sp 000 0 spa d a843220482X aDO-SdBNPbspacBNPHU1 aPaz, Octavio95032410aTiempo nublado /cOctavio Paz. aBarcelona :bSeix Barral,c1983. a206 p. ;c20 cm. aIncluye datos biográficos del autor en las solapas 0010507-18MOaGRbGRcOId2013-08-15iLF1l0o p40200-10r2020-06-25w2020-06-25y1ZNo se presta c39690d39690